000 00403nam a2200157 i 4500
001 30660
003 ES-MaACL
005 20230906154231.0
007 t|
008 030127s1930 sp ||||1| spa d
100 1 _aBatardon, Léon.
_926406
245 1 0 _aContabilidad de empresas /
_cLeón Batardon.
260 _aBarcelona :
_bLabor,
_c1930.
300 _a320 p. ;
_c21 cm.
852 _aES-MaACL
_jA-498
999 _c30660
_d30660